[Event "TCh-ISR 2019"]
[Site "Israel ISR"]
[Date "2019.03.09"]
[Round "10.5"]
[Board "2"]
[White "Parkhov, Yair"]
[Black "Nabaty, Tamir"]
[Result "1-0"]
[WhiteTitle "FM"]
[BlackTitle "GM"]
[WhiteElo "2336"]
[BlackElo "2669"]
[WhiteTeam "Tsafrir Rehovot Alef"]
[BlackTeam "Kfar Saba"]
[WhiteFideId "2813408"]
[BlackFideId "2809052"]
[EventDate "2019.01.04"]

1. d4 e6 2. Nf3 Nf6 3. c4 a6 4. Nc3 d5 5. cxd5 exd5 6. Bg5 Be6 7. e3 Nbd7 8. Bd3
h6 9. Bh4 Bd6 10. O-O O-O 11. Nd2 b5 12. f4 Nb6 13. Qf3 Re8 14. h3 b4 15. Ne2
Bd7 16. Rfe1 Bb5 17. Bc2 Be7 18. Ng3 Ne4 19. Bxe7 Nxd2 20. Bxd8 Nxf3+ 21. gxf3
Raxd8 22. Kf2 g6 23. h4 Rc8 24. h5 c5 25. hxg6 cxd4 26. Bf5 dxe3+ 27. Rxe3 Nc4
28. Rxe8+ Rxe8 29. Nh5 Re7 30. Nf6+ Kg7 31. Nxd5 Re8 32. gxf7 Kxf7 33. Nc7 Rd8
34. Be6+ Kf6 35. f5 Rd2+ 36. Kg3 Ne3 37. Nxb5 axb5 38. Rh1 h5 39. Rxh5 Ke5 40.
Rh4 Nf1+ 41. Kg4 Rg2+ 42. Kh5 Ng3+ 43. Kh6 Kf6 44. Kh7 Rxb2 45. Rh6+ Ke7 46. Kg7
Rg2 47. f6+ Kxe6 48. f7+ Ke5 49. f8=Q Nf5+ 50. Kf7 Nxh6+ 51. Qxh6 Kd4 52. Qd6+
Ke3 53. Qxb4 Kxf3 54. Qxb5 Rf2 55. Ke6 Re2+ 56. Qxe2+ Kxe2 57. a4 1-0

[Event "TCh-ISR 2019"]
[Site "Israel ISR"]
[Date "2019.03.09"]
[Round "10.5"]
[Board "3"]
[White "Givon, Asaf"]
[Black "Galburd, Yan"]
[Result "1/2-1/2"]
[WhiteTitle "IM"]
[BlackTitle "FM"]
[WhiteElo "2465"]
[BlackElo "2397"]
[WhiteTeam "Kfar Saba"]
[BlackTeam "Tsafrir Rehovot Alef"]
[WhiteFideId "2801841"]
[BlackFideId "2808528"]
[EventDate "2019.01.04"]

1. e4 e6 2. d4 d5 3. Nc3 Bb4 4. e5 c5 5. a3 Ba5 6. b4 cxd4 7. Qg4 Kf8 8. Nb5 Bb6
9. Nf3 Nc6 10. Bb2 Nge7 11. Bd3 Ng6 12. Qg3 f6 13. Bxg6 hxg6 14. Nbxd4 Kf7 15.
Nb5 fxe5 16. Nxe5+ Nxe5 17. Bxe5 Rh5 18. f4 Qh4 19. O-O-O Qxg3 20. hxg3 Rxh1 21.
Rxh1 Kg8 22. Kb2 Bd7 1/2-1/2

[Event "TCh-ISR 2019"]
[Site "Israel ISR"]
[Date "2019.03.09"]
[Round "10.5"]
[Board "4"]
[White "Psakhis, Lev"]
[Black "Rozentalis, Eduardas"]
[Result "1/2-1/2"]
[WhiteTitle "GM"]
[BlackTitle "GM"]
[WhiteElo "2455"]
[BlackElo "2526"]
[WhiteTeam "Tsafrir Rehovot Alef"]
[BlackTeam "Kfar Saba"]
[WhiteFideId "2800012"]
[BlackFideId "12800023"]
[EventDate "2019.01.04"]

1. e4 e5 2. Nf3 Nf6 3. Nc3 Bb4 4. Nxe5 O-O 5. Be2 Re8 6. Nd3 Bxc3 7. dxc3 Nxe4
8. Nf4 d6 9. O-O Nd7 10. Be3 Ndf6 11. Re1 h6 12. c4 Bf5 13. Qc1 Qd7 14. f3 Nc5
15. Bd4 Nh7 16. Nd5 c6 17. Ne3 Bg6 18. Qd2 Qe7 19. Bf1 Qg5 20. Qf2 Ne6 21. Bc3
d5 22. cxd5 cxd5 23. Rad1 d4 24. Bxd4 Nxd4 25. Rxd4 Qc5 26. c3 Ng5 27. Red1 b6
28. Nd5 Ne6 29. R4d2 Qc6 30. Nb4 Qc5 31. Rd6 Qg5 32. h4 Qe5 33. Nc6 Qf6 34. Ba6
Rf8 35. Bb7 Rae8 36. Nxa7 Re7 37. Rxb6 Rb8 38. Bd5 Rxb6 39. Qxb6 Qxh4 40. Nc6
Rd7 41. Qf2 Qg5 1/2-1/2

[Event "TCh-ISR 2019"]
[Site "Israel ISR"]
[Date "2019.03.09"]
[Round "10.5"]
[Board "5"]
[White "Mindlin, Alon"]
[Black "Kunin, Pavel"]
[Result "1/2-1/2"]
[WhiteTitle "IM"]
[WhiteElo "2462"]
[BlackElo "2261"]
[WhiteTeam "Kfar Saba"]
[BlackTeam "Tsafrir Rehovot Alef"]
[WhiteFideId "2800071"]
[BlackFideId "2804409"]
[EventDate "2019.01.04"]

1. d4 d5 2. c4 e6 3. Nc3 Be7 4. Nf3 f5 5. h3 Nf6 6. g4 c6 7. gxf5 exf5 8. Rg1
Kf8 9. Qb3 Qb6 10. Qc2 dxc4 11. e3 Qa6 12. Ne5 Be6 13. b3 b5 14. bxc4 bxc4 15.
Qa4 c5 16. Bg2 Qxa4 17. Nxa4 Ne4 18. Nxc5 Bxc5 19. dxc5 Nd7 20. Nxd7+ Bxd7 21.
Bb2 Rg8 22. O-O-O Ke7 23. Bxe4 fxe4 24. Rd4 Be6 25. Rxe4 Rac8 26. Rg5 h6 27.
Rge5 Rc6 28. Rxc4 Rf8 29. f4 g5 30. Rb4 gxf4 31. exf4 Rf5 32. Rb7+ Ke8 33. Rxf5
Bxf5 34. Ba3 Ra6 35. Rb3 Ra4 36. Kd2 Rxf4 37. c6 Kd8 38. Rb7 Rc4 39. Rxa7 Rxc6
40. h4 Bc8 41. Be7+ Ke8 42. a3 Re6 43. Bc5 Re4 44. a4 Rxh4 45. a5 Rc4 1/2-1/2

[Event "TCh-ISR 2019"]
[Site "Israel ISR"]
[Date "2019.03.09"]
[Round "10.5"]
[Board "6"]
[White "Mikhalevski, Alexander"]
[Black "Ben Artzi, Ido"]
[Result "1-0"]
[WhiteTitle "IM"]
[BlackTitle "IM"]
[WhiteElo "2430"]
[BlackElo "2382"]
[WhiteTeam "Tsafrir Rehovot Alef"]
[BlackTeam "Kfar Saba"]
[WhiteFideId "2801728"]
[BlackFideId "2810913"]
[EventDate "2019.01.04"]

1. d4 d6 2. c4 e5 3. d5 Be7 4. Nc3 Bg5 5. Bxg5 Qxg5 6. Nf3 Qd8 7. c5 Nf6 8. cxd6
cxd6 9. e4 O-O 10. Be2 a5 11. Nd2 Nbd7 12. Na4 Nb6 13. Rc1 Bd7 14. Nc3 a4 15.
O-O a3 16. b3 Qe7 17. Bb5 Rfc8 18. Qe2 Ne8 19. Bxd7 Qxd7 20. Qb5 Qxb5 21. Nxb5
Ra5 22. Rxc8 Nxc8 23. Rc1 Nb6 24. Nc3 Nc7 25. Na4 Nba8 26. Nb6 f5 27. f3 fxe4
28. fxe4 Kf8 29. Ndc4 Ra6 30. Nxa8 Nxa8 31. Nxd6 Rxd6 32. Rc8+ Ke7 33. Rxa8 Rf6
34. Rxa3 Rf4 35. Ra4 b5 36. g3 Rg4 37. Rb4 Kd6 38. a4 bxa4 39. Rxa4 Kc5 40. Rc4+
Kb5 41. Kf2 Rg6 42. Rc7 Rf6+ 43. Ke2 Ra6 44. h4 Ra2+ 45. Kf3 Rb2 46. Rxg7 1-0

[Event "TCh-ISR 2019"]
[Site "Israel ISR"]
[Date "2019.03.09"]
[Round "10.6"]
[Board "2"]
[White "Korobov, Anton"]
[Black "Kundin, Alexander"]
[Result "1/2-1/2"]
[WhiteTitle "GM"]
[BlackTitle "IM"]
[WhiteElo "2699"]
[BlackElo "2311"]
[WhiteTeam "Beer Sheva Alef in name of Eliyahu Levant"]
[BlackTeam "ASA Shlomo Har-Tsvi Tel Aviv"]
[WhiteFideId "14105730"]
[BlackFideId "2803097"]
[EventDate "2019.01.04"]

1. d4 d5 2. c4 c6 3. Nf3 Nf6 4. e3 Bf5 5. Nc3 e6 6. Nh4 Be4 7. f3 Bg6 8. Qb3 Qc7
9. Bd2 Be7 10. Rc1 dxc4 11. Bxc4 Bh5 12. g3 g5 13. g4 gxh4 14. gxh5 Rg8 15. f4
Nbd7 16. Be2 O-O-O 17. Bf3 Qb6 18. Qc2 Kb8 19. a3 h6 20. b4 Rg7 21. Rb1 Rdg8 22.
Qd3 Rg1+ 23. Rxg1 Rxg1+ 24. Kf2 Rxb1 25. Qxb1 Qd8 26. Qg1 Nb6 27. Qg7 Nc4 28.
Ke2 Nxd2 29. Kxd2 Qf8 30. Qxf8+ Bxf8 31. Kc2 Nd5 32. Nxd5 cxd5 33. h3 f5 34. Be2
a6 35. Kb3 Ka7 36. a4 b6 37. b5 a5 38. Kc2 Kb8 39. Kd3 1/2-1/2

[Event "TCh-ISR 2019"]
[Site "Israel ISR"]
[Date "2019.03.09"]
[Round "10.6"]
[Board "3"]
[White "Shvidler, Eliahu"]
[Black "Postny, Evgeny"]
[Result "0-1"]
[WhiteTitle "IM"]
[BlackTitle "GM"]
[WhiteElo "2357"]
[BlackElo "2623"]
[WhiteTeam "ASA Shlomo Har-Tsvi Tel Aviv"]
[BlackTeam "Beer Sheva Alef in name of Eliyahu Levant"]
[WhiteFideId "2800160"]
[BlackFideId "2804344"]
[EventDate "2019.01.04"]

1. e4 e5 2. Nf3 Nc6 3. Bb5 a6 4. Ba4 Nf6 5. Nc3 b5 6. Bb3 Be7 7. d3 d6 8. a3 O-O
9. h3 Na5 10. Ba2 c5 11. Nd5 Nc6 12. Nxf6+ Bxf6 13. Bd5 Bd7 14. b4 Rc8 15. Bd2
Ne7 16. c4 Nxd5 17. cxd5 c4 18. Be3 Be7 19. g4 g6 20. d4 exd4 21. Bxd4 Bf6 22.
O-O h5 23. Nh2 c3 24. Rc1 Rc4 25. Bxf6 Qxf6 26. f3 Qf4 27. Rf2 Qg3+ 28. Rg2 Qxh3
29. g5 Qh4 30. Rcc2 Bh3 31. Qc1 Bxg2 32. Kxg2 f6 0-1

[Event "TCh-ISR 2019"]
[Site "Israel ISR"]
[Date "2019.03.09"]
[Round "10.6"]
[Board "4"]
[White "Roiz, Michael"]
[Black "Aharonovich, Itamar"]
[Result "1-0"]
[WhiteTitle "GM"]
[BlackTitle "FM"]
[WhiteElo "2605"]
[BlackElo "2299"]
[WhiteTeam "Beer Sheva Alef in name of Eliyahu Levant"]
[BlackTeam "ASA Shlomo Har-Tsvi Tel Aviv"]
[WhiteFideId "2804158"]
[BlackFideId "2814501"]
[EventDate "2019.01.04"]

1. Nf3 Nf6 2. g3 g6 3. b3 Bg7 4. Bb2 O-O 5. Bg2 c5 6. c4 d5 7. cxd5 Nxd5 8. Bxg7
Kxg7 9. O-O Nc6 10. d4 cxd4 11. Nxd4 Nxd4 12. Qxd4+ Nf6 13. Qe5 Qb6 14. Nc3 Qe6
15. Qxe6 fxe6 16. Rac1 Rb8 17. Rfd1 Bd7 18. Ne4 Rfd8 19. Nc5 b6 20. Rxd7 Rxd7
21. Nxd7 Nxd7 22. Rc7 Rd8 23. Rxa7 Kf6 24. f4 Nf8 25. Kf2 Rd6 26. Rc7 Nd7 27. b4
e5 28. Rc6 Nb8 29. Rxd6+ exd6 30. Bb7 Kf5 31. a4 exf4 32. a5 bxa5 33. bxa5 Kg4
34. a6 Nxa6 35. Bc8+ 1-0

[Event "TCh-ISR 2019"]
[Site "Israel ISR"]
[Date "2019.03.09"]
[Round "10.6"]
[Board "5"]
[White "Gershkowich, David"]
[Black "Mikhalevski, Victor"]
[Result "0-1"]
[WhiteTitle "FM"]
[BlackTitle "GM"]
[WhiteElo "2200"]
[BlackElo "2581"]
[WhiteTeam "ASA Shlomo Har-Tsvi Tel Aviv"]
[BlackTeam "Beer Sheva Alef in name of Eliyahu Levant"]
[WhiteFideId "2803356"]
[BlackFideId "2801914"]
[EventDate "2019.01.04"]

1. e4 e5 2. Nf3 Nc6 3. Bb5 g6 4. d4 exd4 5. c3 Bg7 6. Bg5 Nge7 7. cxd4 h6 8. Be3
a6 9. Ba4 b5 10. Bc2 d6 11. Nbd2 Nb4 12. Bb1 c5 13. Qc1 Bb7 14. a3 cxd4 15. Bxd4
Bxd4 16. Nxd4 Rc8 17. Qd1 Nbc6 18. N4f3 Ne5 19. O-O O-O 20. Ba2 Qb6 21. Nxe5
dxe5 22. Qb3 Qf6 23. Rad1 Kg7 24. Qe3 Rc7 25. Nb1 Qg5 26. Qxg5 hxg5 27. Nc3 Nc6
28. Nd5 Rd7 29. Rfe1 Nd4 30. Rc1 Rfd8 31. h3 Ne6 32. f3 Rd6 33. Kf2 Bxd5 34.
exd5 Nf4 35. Rcd1 Nxd5 36. Rxe5 Nf4 37. Rxd6 Rxd6 38. Re7 Rd2+ 39. Kf1 Rxb2 40.
Bxf7 Kf6 41. Ra7 a5 42. Be8 b4 43. Rxa5 b3 44. Ba4 Rb1+ 45. Kf2 b2 46. Ra6+ Kg7
47. Ra7+ Kh6 48. Bc2 Rd1 49. Be4 Rd2+ 50. Ke1 Re2+ 51. Kd1 Rxe4 52. Rb7 Ra4 53.
Rxb2 Rxa3 54. g3 Nxh3 55. Ke2 Ng1+ 56. Kf2 Nxf3 0-1

[Event "TCh-ISR 2019"]
[Site "Israel ISR"]
[Date "2019.03.09"]
[Round "10.6"]
[Board "6"]
[White "Greenfeld, Alon"]
[Black "Kreizberg, Michael"]
[Result "1/2-1/2"]
[WhiteTitle "GM"]
[BlackTitle "FM"]
[WhiteElo "2525"]
[BlackElo "2297"]
[WhiteTeam "Beer Sheva Alef in name of Eliyahu Levant"]
[BlackTeam "ASA Shlomo Har-Tsvi Tel Aviv"]
[WhiteFideId "2800039"]
[BlackFideId "2803372"]
[EventDate "2019.01.04"]

1. d4 d5 2. c4 c6 3. Nf3 Nf6 4. Nc3 a6 5. a4 e6 6. g3 dxc4 7. Bg2 c5 8. O-O Nc6
9. Ne5 Na5 10. dxc5 Qxd1 11. Rxd1 Bxc5 12. Bf4 h6 13. Ne4 Nxe4 14. Bxe4 g5 15.
Bd2 Nb3 16. Rab1 Nxd2 17. Rxd2 f5 18. Bf3 g4 19. Bg2 Rh7 20. Rbd1 Rc7 21. e4 Ke7
22. Rd8 Kf6 23. Nxc4 Be7 24. e5+ Kg7 25. Re8 Kf7 26. Nd6+ Bxd6 27. exd6 Rd7 28.
Rh8 Kg7 29. Re8 Kf7 30. Rh8 Kg7 1/2-1/2

[Event "TCh-ISR 2019"]
[Site "Israel ISR"]
[Date "2019.04.05"]
[Round "11.1"]
[Board "1"]
[White "Veinberg, Nimrod"]
[Black "Soffer, Ram"]
[Result "0-1"]
[WhiteTitle "IM"]
[BlackTitle "GM"]
[WhiteElo "2399"]
[BlackElo "2477"]
[WhiteTeam "Tsafrir Rehovot Alef"]
[BlackTeam "ASA Shlomo Har-Tsvi Tel Aviv"]
[WhiteFideId "2810280"]
[BlackFideId "2800101"]
[EventDate "2019.01.04"]

1. d4 Nf6 2. c4 e6 3. Nc3 Bb4 4. Qc2 b6 5. e4 c5 6. d5 Qe7 7. Be2 exd5 8. exd5
O-O 9. Be3 d6 10. a3 Bxc3+ 11. Qxc3 b5 12. Bg5 bxc4 13. Bxf6 Qxf6 14. Qxf6 gxf6
15. Bxc4 Re8+ 16. Kd2 Nd7 17. Ne2 Rb8 18. b3 Ne5 19. Ra2 Bf5 20. Nc3 Nxc4+ 21.
bxc4 Rb3 22. g4 Bg6 23. f4 f5 24. g5 Bh5 25. Rf1 Kg7 26. Rf2 a6 27. Rf1 f6 28.
Rg1 Bg4 29. gxf6+ Kxf6 30. Rg3 h5 31. Rg1 h4 32. h3 Bf3 33. Rc2 Rbb8 34. Rf1 Be4
35. Ra2 Rg8 36. Re1 Rb3 37. Re3 Rg2+ 38. Kc1 Rxc3+ 0-1

[Event "TCh-ISR 2019"]
[Site "Israel ISR"]
[Date "2019.04.05"]
[Round "11.1"]
[Board "4"]
[White "Aharonovich, Itamar"]
[Black "Psakhis, Lev"]
[Result "0-1"]
[WhiteTitle "FM"]
[BlackTitle "GM"]
[WhiteElo "2299"]
[BlackElo "2455"]
[WhiteTeam "ASA Shlomo Har-Tsvi Tel Aviv"]
[BlackTeam "Tsafrir Rehovot Alef"]
[WhiteFideId "2814501"]
[BlackFideId "2800012"]
[EventDate "2019.01.04"]

1. d4 e6 2. c4 Nf6 3. Nc3 Bb4 4. e3 c5 5. Bd3 Nc6 6. Nf3 Bxc3+ 7. bxc3 d6 8. O-O
e5 9. d5 Ne7 10. Qc2 h6 11. Nd2 Qc7 12. f4 exf4 13. exf4 g6 14. Nf3 Bf5 15. h3
Bxd3 16. Qxd3 O-O-O 17. Nh4 Qd7 18. g4 Qa4 19. Bd2 Kb8 20. Ng2 h5 21. Rae1 Qd7
22. f5 hxg4 23. Bg5 gxh3 24. Nf4 Neg8 25. Nxh3 Rc8 26. Rf3 gxf5 27. Ref1 Ng4 28.
Rxf5 f6 29. Qg3 fxg5 30. Rf7 Ne7 31. Qe1 Ne5 0-1

[Event "TCh-ISR 2019"]
[Site "Israel ISR"]
[Date "2019.04.05"]
[Round "11.1"]
[Board "5"]
[White "Kunin, Pavel"]
[Black "Kreizberg, Michael"]
[Result "1/2-1/2"]
[BlackTitle "FM"]
[WhiteElo "2261"]
[BlackElo "2297"]
[WhiteTeam "Tsafrir Rehovot Alef"]
[BlackTeam "ASA Shlomo Har-Tsvi Tel Aviv"]
[WhiteFideId "2804409"]
[BlackFideId "2803372"]
[EventDate "2019.01.04"]

1. d4 d5 2. c4 c6 3. Nf3 Nf6 4. e3 Bf5 5. Nc3 a6 6. Be2 h6 7. O-O e6 8. c5 Nbd7
9. b4 Be7 10. Bb2 O-O 11. Bd3 Qc7 12. Bxf5 exf5 13. Qd3 g6 14. a4 b6 15. Ba3 Ne4
16. Rfc1 b5 17. Bb2 Nxc3 18. Bxc3 Rfe8 19. Ra2 Bf8 20. Rca1 Rab8 21. axb5 axb5
22. Ra6 Bg7 23. g3 Bf6 1/2-1/2

[Event "TCh-ISR 2019"]
[Site "Israel ISR"]
[Date "2019.04.05"]
[Round "11.1"]
[Board "6"]
[White "Gershkowich, David"]
[Black "Mikhalevski, Alexander"]
[Result "1/2-1/2"]
[WhiteTitle "FM"]
[BlackTitle "IM"]
[WhiteElo "2200"]
[BlackElo "2430"]
[WhiteTeam "ASA Shlomo Har-Tsvi Tel Aviv"]
[BlackTeam "Tsafrir Rehovot Alef"]
[WhiteFideId "2803356"]
[BlackFideId "2801728"]
[EventDate "2019.01.04"]

1. d4 d5 2. c4 e6 3. Nc3 Be7 4. Nf3 Nf6 5. Bg5 O-O 6. e3 b6 7. Rc1 Bb7 8. cxd5
exd5 9. Bd3 Nbd7 10. O-O Ne4 11. Bf4 Nxc3 12. Rxc3 c5 13. dxc5 bxc5 14. Bb1 Nf6
15. Qb3 Qb6 16. Rd1 Qxb3 17. Rxb3 Bc6 18. Rc3 Nh5 1/2-1/2

[Event "TCh-ISR 2019"]
[Site "Israel ISR"]
[Date "2019.04.05"]
[Round "11.2"]
[Board "1"]
[White "Khmelniker, Ilya"]
[Black "Nabaty, Tamir"]
[Result "0-1"]
[WhiteTitle "GM"]
[BlackTitle "GM"]
[WhiteElo "2483"]
[BlackElo "2669"]
[WhiteTeam "Beer Sheva Yud-Alef"]
[BlackTeam "Kfar Saba"]
[WhiteFideId "2805340"]
[BlackFideId "2809052"]
[EventDate "2019.01.04"]

1. c4 Nf6 2. Nc3 b6 3. d4 Bb7 4. d5 e6 5. g3 Bb4 6. Bg2 Bxc3+ 7. bxc3 O-O 8. Nh3
d6 9. O-O Qe7 10. f4 Nbd7 11. Nf2 Nc5 12. Ba3 exd5 13. cxd5 Qe3 14. Bxc5 dxc5
15. c4 Rfe8 16. Bf3 Ne4 17. Qd3 Nd2 18. Rfd1 Qxd3 19. Nxd3 Nxc4 20. e4 f5 21.
exf5 Rad8 22. Re1 Rxe1+ 23. Rxe1 Nd2 24. Bh5 c4 25. Nb4 a5 26. Nc6 Bxc6 27. dxc6
b5 28. Re7 c3 29. Rd7 Re8 30. Bxe8 c2 31. Bf7+ Kf8 32. Be6 c1=Q+ 33. Kf2 0-1

[Event "TCh-ISR 2019"]
[Site "Israel ISR"]
[Date "2019.04.05"]
[Round "11.2"]
[Board "2"]
[White "Grinberg, Eyal"]
[Black "Dvoirys, Semen I."]
[Result "0-1"]
[WhiteTitle "IM"]
[BlackTitle "GM"]
[WhiteElo "2470"]
[BlackElo "2523"]
[WhiteTeam "Kfar Saba"]
[BlackTeam "Beer Sheva Yud-Alef"]
[WhiteFideId "2806070"]
[BlackFideId "4100379"]
[EventDate "2019.01.04"]

1. e4 c5 2. Nf3 d6 3. d4 cxd4 4. Nxd4 Nf6 5. Nc3 a6 6. Be2 e5 7. Nb3 Be7 8. Qd3
Nbd7 9. O-O b5 10. a4 b4 11. Nd5 Nxd5 12. exd5 a5 13. Qg3 O-O 14. c3 bxc3 15.
bxc3 Nb6 16. Bb5 Nxd5 17. Bc6 Nf4 18. Bxf4 exf4 19. Qxf4 Rb8 20. Bb5 Bf6 21. Nd4
Bb7 22. Rad1 Qc7 23. c4 Be5 24. Qf5 Qc5 25. Qd3 Rbd8 26. f4 Bf6 27. Kh1 d5 28.
Nb3 Qc7 29. c5 d4 30. Rc1 Bd5 31. Nd2 Be7 32. Rc2 h6 33. Nb3 Bf6 34. c6 Rfe8 35.
Nc5 Re3 36. Qd2 Rc3 37. Na6 Qd6 38. c7 Rc8 39. Rxc3 dxc3 40. Qd3 Bd4 41. Rd1
Qxf4 42. Rf1 Qg4 43. Qg3 Qxg3 44. hxg3 c2 45. Bd7 Rxc7 46. Nxc7 Be4 47. Be8 f6
48. Nb5 Bb2 49. Nd6 Bd3 50. Re1 c1=Q 51. Rxc1 Bxc1 52. Bb5 Bxb5 53. axb5 a4 54.
Nf5 a3 55. b6 a2 56. b7 Bf4 57. Ne7+ Kh7 0-1

[Event "TCh-ISR 2019"]
[Site "Israel ISR"]
[Date "2019.04.05"]
[Round "11.2"]
[Board "4"]
[White "Rozentalis, Eduardas"]
[Black "Klenburg, Michael"]
[Result "1-0"]
[WhiteTitle "GM"]
[BlackTitle "IM"]
[WhiteElo "2526"]
[BlackElo "2361"]
[WhiteTeam "Kfar Saba"]
[BlackTeam "Beer Sheva Yud-Alef"]
[WhiteFideId "12800023"]
[BlackFideId "14102072"]
[EventDate "2019.01.04"]

1. e4 d6 2. d4 Nf6 3. Nc3 g6 4. Nf3 Bg7 5. Be2 O-O 6. O-O c6 7. a4 Qc7 8. h3
Nbd7 9. Be3 e5 10. Re1 b6 11. Qd2 Bb7 12. Rad1 Rac8 13. Bh6 a6 14. dxe5 dxe5 15.
Nh4 b5 16. Bxg7 Kxg7 17. Bg4 Nxg4 18. hxg4 Rcd8 19. Qe3 Rfe8 20. g3 h6 21. Kg2
Qb6 22. Qc1 b4 23. Rd6 Rh8 24. Nd5 cxd5 25. Rxb6 Nxb6 26. Qe3 Nxa4 27. g5 h5 28.
Qb3 Bc6 29. Qxb4 dxe4 30. Kh2 Rd4 31. Qe7 1-0

[Event "TCh-ISR 2019"]
[Site "Israel ISR"]
[Date "2019.04.05"]
[Round "11.2"]
[Board "5"]
[White "Sidorenko, Ilya"]
[Black "Livshits, Gaby"]
[Result "0-1"]
[WhiteTitle "IM"]
[BlackTitle "IM"]
[WhiteElo "2395"]
[BlackElo "2448"]
[WhiteTeam "Beer Sheva Yud-Alef"]
[BlackTeam "Kfar Saba"]
[WhiteFideId "2807769"]
[BlackFideId "2804271"]
[EventDate "2019.01.04"]

1. e4 c5 2. Nf3 g6 3. d4 Bg7 4. dxc5 Qa5+ 5. c3 Qxc5 6. Na3 d6 7. Nb5 Qc6 8. Be3
Bd7 9. Nxa7 Qxe4 10. Ng5 Qa4 11. Qd5 Nh6 12. Qxb7 O-O 13. Qxa8 Bc6 14. Bb5 Bxb5
15. Qe4 Bc4 16. Qh4 d5 17. f3 Qc2 18. Bd2 Qxb2 19. Rc1 Qxa2 20. Qf2 Nf5 21. g4
Nd6 22. Be3 Qa3 23. Qd2 h6 24. Nh3 g5 25. Kf2 f5 26. gxf5 Nxf5 27. Rhe1 Qd6 28.
Rh1 Nh4 29. Ke1 0-1

[Event "TCh-ISR 2019"]
[Site "Israel ISR"]
[Date "2019.04.05"]
[Round "11.2"]
[Board "6"]
[White "Ben Artzi, Ido"]
[Black "Iliaguev, Nisim"]
[Result "1-0"]
[WhiteTitle "IM"]
[BlackTitle "FM"]
[WhiteElo "2382"]
[BlackElo "2360"]
[WhiteTeam "Kfar Saba"]
[BlackTeam "Beer Sheva Yud-Alef"]
[WhiteFideId "2810913"]
[BlackFideId "2817276"]
[EventDate "2019.01.04"]

1. d4 Nf6 2. c4 c5 3. d5 e6 4. Nc3 exd5 5. cxd5 d6 6. Nf3 g6 7. h3 Bg7 8. Bf4 a6
9. a4 O-O 10. e3 Qe7 11. Be2 Nbd7 12. O-O Ne8 13. Bh2 f5 14. a5 Rb8 15. Qc2 b5
16. axb6 Rxb6 17. Nd2 Ne5 18. Kh1 Nc7 19. Rfe1 Bd7 20. f4 Nf7 21. Bd3 Rfb8 22.
Nc4 Rb4 23. e4 fxe4 24. Nxe4 Qf8 25. f5 Bxf5 26. Nxc5 Rc8 27. Bxf5 gxf5 28. Nd7
Qd8 29. Ncb6 Rxb2 30. Qxf5 Nh6 31. Qh5 Rb5 32. Rac1 1-0

[Event "TCh-ISR 2019"]
[Site "Israel ISR"]
[Date "2019.04.05"]
[Round "11.3"]
[Board "1"]
[White "Erenberg, Ariel"]
[Black "Alterman, Boris"]
[Result "0-1"]
[WhiteTitle "IM"]
[BlackTitle "GM"]
[WhiteElo "2409"]
[BlackElo "2605"]
[WhiteTeam "haPoel Kfar Saba Bet"]
[BlackTeam "Feldklain Rishon leTsion"]
[WhiteFideId "2811634"]
[BlackFideId "2801906"]
[EventDate "2019.01.04"]

1. d4 Nf6 2. c4 e6 3. Nf3 b6 4. g3 Ba6 5. b3 Bb7 6. Bg2 Bb4+ 7. Bd2 a5 8. O-O
O-O 9. Bf4 a4 10. bxa4 Be4 11. Qb3 Nc6 12. Rd1 Be7 13. Nbd2 Na5 14. Qb2 Bc6 15.
Qc2 d6 16. e4 Qe8 17. e5 dxe5 18. dxe5 Nd7 19. Ne4 Bxe4 20. Qxe4 Nc5 21. Qc2
Qxa4 22. Qxa4 Nxa4 23. Rd7 Bc5 24. Rxc7 Rac8 25. Rxc8 Rxc8 26. Bf1 Rd8 27. Re1
h6 28. h4 Nc6 29. Be3 Nc3 30. a3 Ra8 31. Bc1 Na5 32. Bb2 Na4 33. Bd4 Nb3 34.
Bxc5 Naxc5 35. Rd1 Rxa3 36. Rd8+ Kh7 37. Rd6 Ra6 38. h5 g5 39. hxg6+ Kxg6 40.
Kg2 Kg7 41. Nd2 Nc1 42. Nb1 Ra2 43. Nc3 Rb2 44. Nd1 Rb3 45. Rd4 N1d3 46. Bxd3
Nxd3 47. Re4 h5 48. Re3 Kg6 49. Nb2 Nf4+ 50. gxf4 Rxb2 51. Rg3+ Kf5 52. Rg5+
Kxf4 53. Rxh5 Rd2 54. Rh8 Kxe5 55. Rc8 Rd4 56. c5 Rc4 57. Rc7 Rxc5 58. Rxf7 b5
59. Kf3 Kd4 60. Rb7 Kc3 61. Ke4 b4 62. Re7 e5 63. Rxe5 Rxe5+ 64. Kxe5 b3 65. f4
b2 66. f5 b1=Q 67. Kf4 0-1

[Event "TCh-ISR 2019"]
[Site "Israel ISR"]
[Date "2019.04.05"]
[Round "11.3"]
[Board "3"]
[White "Finkel, Alexander"]
[Black "Baron, Tal"]
[Result "0-1"]
[WhiteTitle "GM"]
[BlackTitle "GM"]
[WhiteElo "2453"]
[BlackElo "2519"]
[WhiteTeam "haPoel Kfar Saba Bet"]
[BlackTeam "Feldklain Rishon leTsion"]
[WhiteFideId "2801957"]
[BlackFideId "2809958"]
[EventDate "2019.01.04"]

1. e4 e6 2. d4 d5 3. exd5 exd5 4. Nf3 Bd6 5. c4 Nf6 6. Nc3 O-O 7. cxd5 Re8+ 8.
Be2 Nbd7 9. Bg5 h6 10. Bh4 Nb6 11. Qb3 Be7 12. Bxf6 Bxf6 13. O-O Bg4 14. Rfe1
Bxf3 15. Bxf3 Bxd4 16. Rxe8+ Qxe8 17. Nb5 Be5 18. Re1 Qe7 19. a4 a6 20. Nc3 a5
21. Nb5 Bxh2+ 22. Kf1 Be5 23. Qc2 Rd8 24. Qe4 Rxd5 25. Nc3 Rc5 26. Qxb7 Nc4 27.
Ne4 Bxb2 28. Re2 Re5 29. Rc2 Qa3 30. Qc8+ Kh7 31. Qd7 Nd6 32. Kg1 Qb4 33. Rxc7
Rxe4 34. Bxe4+ Qxe4 35. g3 Bd4 36. Qxd6 Qe1+ 37. Kg2 Qxf2+ 38. Kh3 Qf1+ 0-1

[Event "TCh-ISR 2019"]
[Site "Israel ISR"]
[Date "2019.04.05"]
[Round "11.3"]
[Board "5"]
[White "Judkovsky, Yair"]
[Black "Kobo, Ori"]
[Result "0-1"]
[BlackTitle "GM"]
[WhiteElo "2298"]
[BlackElo "2485"]
[WhiteTeam "haPoel Kfar Saba Bet"]
[BlackTeam "Feldklain Rishon leTsion"]
[WhiteFideId "2804930"]
[BlackFideId "2812320"]
[EventDate "2019.01.04"]

1. e4 g6 2. d4 Bg7 3. Nf3 d6 4. c3 Nf6 5. Nbd2 O-O 6. Be2 Nbd7 7. O-O e5 8. Qc2
b6 9. dxe5 dxe5 10. a4 a5 11. b4 c5 12. bxa5 Rxa5 13. Nc4 Ra8 14. Bg5 Qc7 15.
Rfd1 Ba6 16. Rab1 Qc6 17. Bxf6 Nxf6 18. Nxb6 Qxe4 19. Qxe4 Nxe4 20. Nxa8 Bxe2
21. Re1 Rxa8 22. Rxe2 Nxc3 23. Ree1 Nxb1 24. Rxb1 e4 25. Nd2 Rxa4 26. g3 Bh6 27.
Rb8+ Kg7 28. Nf1 Ra1 29. Re8 Re1 30. Kg2 c4 31. Rc8 Rc1 32. h4 c3 33. Nh2 Bd2
34. Ng4 Ra1 35. Rc7 Ra2 36. Rd7 e3 37. fxe3 Bxe3+ 38. Kf3 c2 0-1